Statistics for US foreign aid by country 2022 - TOP 10

Click here to take the quiz!

General Stats

  • This quiz has been taken 6 times
  • The average score is 7 of 10

Answer Stats

HintAnswer% Correct
$860 millionAfghanistan
100%
$475 millionSomalia
100%
$814 millionCongo
80%
$774 millionSyria
80%
$814 millionYemen
80%
$1.13 billionEthiopia
60%
$1.03 billionJordan
60%
$803 millionNigeria
60%
$821 millionSouth Sudan
40%
$488 millionSudan
40%

Score Distribution

Percentile by Number Answered

Percent of People with Each Score

Your Score History

You have not taken this quiz